| 000 | 00611nam a22002057a 4500 | ||
|---|---|---|---|
| 005 | 20250709150250.0 | ||
| 010 | _aENG-145885 | ||
| 020 |
_c595.00 _a9789364682848 |
||
| 035 | _aEN-129417 | ||
| 037 | _bDBAD | ||
| 082 |
_a540 _21 |
||
| 100 |
_aMukherjee, Kantimoy _982869 |
||
| 245 |
_aRapid Revision in Chemistry/ _bKantimoy Mukherjee |
||
| 250 | _a1 | ||
| 260 |
_aNew Delhi _bEurasia Publishing House _c2025 |
||
| 270 |
_aA-27, 2nd Floor, Mohan Co-Opertive Industrial Estate _bNew Delhi _e110044 |
||
| 300 |
_a489p. _c27cm(pb) |
||
| 500 | _aFor Class XII | ||
| 942 |
_2ddc _cEN _h540 _mMUK |
||
| 999 |
_c212287 _d212287 |
||